|
|
|
|
| LEADER |
01910nam a2200445 i 4500 |
| 001 |
EBC1634380 |
| 003 |
MiAaPQ |
| 005 |
20200520144314.0 |
| 006 |
m o d | |
| 007 |
cr cnu|||||||| |
| 008 |
150124t20142014gw a ob 001 0 ger d |
| 020 |
|
|
|z 9783486713558
|
| 020 |
|
|
|a 9783486854923
|q (electronic bk.)
|
| 020 |
|
|
|a 9783110398830
|q (electronic bk.)
|
| 035 |
|
|
|a (MiAaPQ)EBC1634380
|
| 035 |
|
|
|a (Au-PeEL)EBL1634380
|
| 035 |
|
|
|a (CaPaEBR)ebr11004359
|
| 035 |
|
|
|a (CaONFJC)MIL783401
|
| 035 |
|
|
|a (OCoLC)890089754
|
| 040 |
|
|
|a MiAaPQ
|b eng
|e rda
|e pn
|c MiAaPQ
|d MiAaPQ
|
| 050 |
|
4 |
|a HG4521
|b .R697 2014
|
| 082 |
0 |
|
|a 332.6
|2 23
|
| 100 |
1 |
|
|a Rohrich, Martina,
|e author.
|
| 245 |
1 |
0 |
|a Grundlagen der Investitionsrechnung :
|b Darstellung anhand einer Fallstudie /
|c Martina Rohrich ; lektorat, Anja Ludwig.
|
| 250 |
|
|
|a 2. uberarbeitete und erweiterte Auflage.
|
| 264 |
|
1 |
|a Munich, [Germany] :
|b De Gruyter Oldenbourg,
|c 2014.
|
| 264 |
|
4 |
|c 2014
|
| 300 |
|
|
|a 1 online resource (212 pages) :
|b illustrations
|
| 336 |
|
|
|a text
|2 rdacontent
|
| 337 |
|
|
|a computer
|2 rdamedia
|
| 338 |
|
|
|a online resource
|2 rdacarrier
|
| 504 |
|
|
|a Includes bibliographical references and index.
|
| 588 |
|
|
|a Description based on print version record.
|
| 590 |
|
|
|a Electronic reproduction. Ann Arbor, MI : ProQuest, 2015. Available via World Wide Web. Access may be limited to ProQuest affiliated libraries.
|
| 650 |
|
0 |
|a Investments.
|
| 655 |
|
4 |
|a Electronic books.
|
| 700 |
1 |
|
|a Ludwig, Anja,
|e editor.
|
| 776 |
0 |
8 |
|i Print version:
|a Rohrich, Martina.
|t Grundlagen der Investitionsrechnung : Darstellung anhand einer Fallstudie.
|b 2. uberarbeitete und erweiterte Auflage.
|d Munich, [Germany] : De Gruyter Oldenbourg, c2014
|h xviii, 194 pages
|z 9783486713558
|w 2014469856
|
| 797 |
2 |
|
|a ProQuest (Firm)
|
| 856 |
4 |
0 |
|u https://ebookcentral.proquest.com/lib/matrademy/detail.action?docID=1634380
|z Click to View
|